Al-adab al-muqarin (Record no. 1435392)

MARC details
000 -LEADER
fixed length control field 00691 a2200229 4500
005 - DATE AND TIME OF LATEST TRANSACTION
control field 20260107121830.0
008 - FIXED-LENGTH DATA ELEMENTS--GENERAL INFORMATION
fixed length control field 260107b |||||||| |||| 00| 0 eng d
020 ## - INTERNATIONAL STANDARD BOOK NUMBER
International Standard Book Number 9771600206 (pbk)
037 ## - SOURCE OF ACQUISITION
Terms of availability TB
040 ## - CATALOGING SOURCE
Original cataloging agency CRL
Transcribing agency CRL
041 ## - LANGUAGE CODE
Source of code ARB
Language code of text/sound track or separate title ARB
084 ## - COLON CLASSIFICATION NUMBER
Classification number O28,6:g N1
Item number CRL
100 ## - MAIN ENTRY--PERSONAL NAME
Personal name Wehba, Majdi
9 (RLIN) 821281
245 ## - TITLE STATEMENT
Title Al-adab al-muqarin
260 ## - PUBLICATION, DISTRIBUTION, ETC.
Place of publication, distribution, etc. Cairo, Egypt:
Name of publisher, distributor, etc. Maktaba-e-Lebanon,
Date of publication, distribution, etc. 1991.
300 ## - PHYSICAL DESCRIPTION
Extent 110p.
365 ## - TRADE PRICE
Price amount 250.00
Currency code INR
650 ## - SUBJECT ADDED ENTRY--TOPICAL TERM
Topical term or geographic name entry element Arabic Literature
9 (RLIN) 862541
650 ## - SUBJECT ADDED ENTRY--TOPICAL TERM
Topical term or geographic name entry element Arabic Prose
9 (RLIN) 862542
942 ## - ADDED ENTRY ELEMENTS (KOHA)
Koha item type Textbook
Source of classification or shelving scheme Colon Classification (CC)
Suppress in OPAC No
Classification part O28,6:g N1
Holdings
Withdrawn status Lost status Source of classification or shelving scheme Damaged status Not for loan Home library Current library Date acquired Source of acquisition Cost, normal purchase price Inventory number Total Checkouts Full call number Barcode Date last seen Cost, replacement price Price effective from Koha item type
    Colon Classification (CC)     Central Library Central Library 2025-11-20 Nadwi Publications 200.00 104 & 14.11.2025   O28,6:g N1 CL1924567 2025-11-20 250.00 2025-11-20 Textbook
Copyright @ Delhi University Library System